00372nam a2200145Ia 450000500170000000800410001702000180005808200170007610000350009324500340012825000120016226000270017430000160020144000090021720250128155454.0240126s9999 xx 000 0 und d a9789393702746 a346.03 GOU; aGoudkamp, James. Nolan, Donal. 0aWinfield and jolowicz on tort a20th ed bThomson RutersaLondon acxliii, 804 aNULL